Country Names in Chinese Quiz Stats

 Plays Quiz not verified by Sporcle

Challenge
Share
Tweet
Embed
Score 0/38 Timer 05:00
0 Plays Today
Chinese Name (Pronunciation) Country % Correct
日本 (ri4 ben3)Japan
91.1%
美国/美國 (mei3 guo2)United States
90.7%
法国/法國 (fa3 guo2)France
87%
英国/英國 (ying1 guo2)United Kingdom
85.1%
德国/德國 (de2 guo2)Germany
81.4%
俄罗斯/俄羅斯 (e2 luo2 si1) OR 俄国/俄國 (e2 guo2)Russia
79.3%
韩国/韓國 (han2 guo2)South Korea
77.8%
印度 (yin4 du4)India
75.3%
墨西哥 (mo4 xi1 ge1)Mexico
73.9%
北韩/北韓 (bei3 han2) OR 北朝鲜 (bei3 chao2 xian3)North Korea
67%
越南 (yue4 nan2)Vietnam
66.1%
利比亚/利比亞 (li4 bi3 ya4)Libya
64.8%
蒙古 (meng3 gu3)Mongolia
63.9%
丹麦/丹麥 (dan1 mai4)Denmark
58.8%
南非 (nan2 fei1)South Africa
56.1%
新西兰/新西蘭 (xin1 xi1 lan2)New Zealand
54.5%
埃及 (ai1 ji2)Egypt
53.7%
荷兰/荷蘭 (he2 lan2)Netherlands
53.7%
安哥拉 (an1 ge1 la1)Angola
52.9%
Chinese Name (Pronunciation) Country % Correct
冰岛/冰島 (bing1 dao3)Iceland
52.7%
海地 (hai3 di4)Haiti
49.3%
希腊/希臘 (xi1 la4)Greece
48.1%
阿富汗 (a1 fu4 han4)Afghanistan
45.2%
瑞士 (rui4 shi4)Switzerland
43.1%
巴拉圭 (ba1 la1 gui1)Paraguay
42.8%
摩洛哥 (mo2 luo4 ge1)Morocco
39.8%
津巴布韦/津巴布韋 (jin1 ba1 bu4 wei2)Zimbabwe
39%
拉脱维亚/拉脫維亞 (la1 tuo1 wei2 ya4)Latvia
38.7%
哈萨克斯坦/哈薩克斯坦 (ha1 sa4 ke4 si1 tan3)Kazakhstan
36.8%
委内瑞拉 (wei3 nei4 rui4 la1)Venezuela
33.6%
阿拉伯联合酋长国/阿拉伯聯合酋長國 (A1 la1 bo2 lian2 he2 qiu2 chang2 guo2)United Arab Emirates
32.6%
白俄罗斯/白俄羅斯 (bai2 e2 luo2 si1)Belarus
32.1%
柬埔寨 (jian3 pu3 zhai4)Cambodia
32.1%
捷克 (jie2 ke4)Czech Republic
26.6%
塞尔维亚/塞爾維亞 (sai1 er3 wei2 ya4)Serbia
24.1%
梵帝冈/梵帝岡 (fan4 di4 gang1)Vatican City
18.9%
东帝汶/東帝汶 (dong1 di4 wen4)Timor-Leste
16.5%
巴林 (ba1 lin2)Bahrain
12.4%

You're not logged in!

Compare scores with friends on all Sporcle quizzes.
Join for Free
OR
Log In

You Might Also Like...

Show Comments

Extras

Created Aug 2, 2010SourceReportNominate
Tags:Nintendo Quiz

Top Quizzes Today


Score Distribution

Your Account Isn't Verified!

In order to create a playlist on Sporcle, you need to verify the email address you used during registration. Go to your Sporcle Settings to finish the process.

Report this User

Report this user for behavior that violates our Community Guidelines.

Details: